|
|
|
|
| LEADER |
00000nab a2200000 a 4500 |
| 001 |
vtls000609463 |
| 003 |
SK-MaSNL |
| 005 |
20260304085018.0 |
| 008 |
250425c1996 xo 0 slo |
| 015 |
|
|
|a SNBRB19rr/mm-uuuuu
|
| 035 |
|
|
|a CL0609602
|
| 035 |
|
|
|a urn:nbn:sk:snk-ab1lvf
|
| 035 |
|
|
|a (urnnbn)urn:nbn:sk:snk:ar-004hte
|
| 035 |
|
|
|a (uuid)1f546d2a-8218-42af-b174-6e37db6fc5a7
|
| 040 |
|
|
|a SNKBUCL
|b slo
|c SNKBUCL
|e AACR2
|
| 041 |
0 |
|
|a slo
|
| 044 |
|
|
|a xo
|c SK
|
| 080 |
|
|
|a 801.316.31:808.54
|2 1981
|
| 080 |
|
|
|a 808.54-316.3
|2 1981
|
| 080 |
|
|
|a 802.0
|2 1981
|
| 080 |
|
|
|a 801.316.4
|2 1981
|
| 080 |
|
|
|a 336.7
|2 1981
|
| 100 |
1 |
|
|a Horecký, Ján,
|d 1920-2006
|4 aut
|9 105131
|
| 245 |
1 |
0 |
|a Terminológia swapov
|c Ján Horecký
|
| 650 |
0 |
7 |
|a slovenčina
|2 snkbucl
|9 1350
|
| 650 |
0 |
7 |
|a cudzie slová
|2 snkbucl
|9 28704
|
| 655 |
|
7 |
|a články z novín a časopisov
|2 snkbucl
|9 267496
|
| 773 |
0 |
|
|t Kultúra slova
|g Roč. 30, č. 3 (1996), s. 152-153
|x 0023-5202
|
| 850 |
|
|
|a Slovenská národná knižnica
|
| 852 |
|
|
|a Slovenská národná knižnica
|
| 954 |
|
|
|a odborná, vedecká literatúra pôvodná (slovenská)
|2 lita
|
| 958 |
|
|
|a article27
|
| 958 |
|
|
|a OND
|
| 958 |
|
|
|a SK
|
| 958 |
|
|
|a RK
|
| 958 |
|
|
|a EUIPO
|
| 992 |
|
|
|a RBX
|
| 999 |
|
|
|c 2806026
|d 2807956
|